000 00646nam a2200205Ii 4500
003 JO-AjNU
008 230605s9999||||xx |||||||||||||| ||und||
040 _aJO-AjNU
_bara
_erda
_cJO-AjNU
041 _aara
050 1 4 _aBF38.A22 1988
100 3 _aتاليف موسى، عبدالله عبد الحى,
_eauthor
_959505
245 0 0 _aالمدخل الى علم النفس
250 _aط3
264 3 1 _aد.م: د.ن، 1995
300 _a432ص
_bيحنوي على صور توضيحية
336 _atext
_btxt
_2rdacontent
337 _aunmediated
_bn
_2rdamedia
338 _avolume
_bnc
_2rdacarrier
650 4 _aعلم النفس
_959506
999 _aA26781
_c30349
_d30349